Návrh membránovej jednotky na odstránenie vírusov pri výrobe farmaceutík

Gespeichert in:
Bibliographische Detailangaben
1. Verfasser: Valková, Alžbeta
Format: Software Buch
Sprache:Slowakisch
Veröffentlicht: Bratislava STU FCHPT 2012
Online-Zugang:Im OPAC anzeigen
Tags: Tag hinzufügen
Keine Tags, Fügen Sie das erste Tag hinzu!

MARC

LEADER 00000nam a2200000 a 4500
005 20260127134145.0
007 co ugu
008 121001 2012 xo 000 0 slo d
035 |a vtls010454698 
039 9 |y 201210010815  |z mschk03 
040 |a STUSCHK1  |b slo  |c STUSCHK1  |e AACR2 
100 1 |a Valková, Alžbeta 
245 1 |a Návrh membránovej jednotky na odstránenie vírusov pri výrobe farmaceutík  |c Alžbeta Valková 
260 |a Bratislava  |b STU FCHPT  |c 2012 
300 |a 1 elektronický disk 
500 |a Obháj.: 9.7. 2012 
500 |a Študijný program: chemické inžinierstvo 
500 |a Študijný odbor: 5.2.17 chemické inžinierstvo 
500 |a Bakalárska práca na CD-ROMe 
500 |a FCHPT, Oddelenie chemického a biochemického inžinierstva 
500 |a Evidenčné číslo: 5431-69348 
910 |a SCHK95 
999 |c 5407  |d 5407